Meditaciones cartesianas

Guardado en:
Bibliografiske detaljer
Hovedforfatter: Husserl, Edmundo
Format: Bog
Sprog:Undetermined
Udgivet: México, Distrito Federal Fondo de Cultura Económica 1942
Fag:
Tags: Tilføj Tag
Ingen Tags, Vær først til at tagge denne postø!

MARC

LEADER 00000nam a2200000Ia 4500
008 170316s9999 xx 000 0 und d
090 |a 100 H-37m 
100 |a Husserl, Edmundo 
245 |a Meditaciones cartesianas 
260 |a México, Distrito Federal 
260 |b Fondo de Cultura Económica 
260 |c 1942 
300 |a 162 páginas 
650 |a FILOSOFÍA 
999 |c 16529  |d 16529 
040 |a cru BVZT 
942 |c 15 D  |h 100 H-37m  |2 z